000 00605nam a2200169 i 4500
001 185158
003 ES-MaACL
005 20230906222347.0
008 160331q1895 fr |||| | fre d
245 0 0 _aCatalogue de périodiques revues & journaux en vente a la Librairie ancienne H. Welter.
260 _a[Paris :
_bH. Welter,
_cca. 1895]
300 _a102 p. ;
_c25 cm.
610 2 4 _aLibrairie H. Welter-
_vCatálogos.
_9159257
650 4 _aPublicaciones periódicas-
_vBibliografías.
_9159256
710 2 _aLibrairie H. Welter.
_9159255
852 4 _aES-MaACL
_jT-967-F-3
_z- Enc. en un vol. facticio
999 _c185158
_d185158